000 00948cam a2200277 a 4500
001 537
005 20230525111010.0
008 990527s2000 nyua c b 001 0beng
020 _a0439095549
040 _aDLC
_cDLC
_dDLC
_dFISKH
_beng
050 0 0 _aE457.905
_b.S85 2000
082 0 0 _a973.7/092
_aB
_221
100 1 _aSullivan, George,
_d1927-
245 1 0 _aAbraham Lincoln /
_cGeorge Sullivan.
260 _aNew York :
_bScholastic Reference,
_c2000.
300 _a128 pages :
_billustrations ;
_c20 cm.
490 1 _aIn their own words
505 _aM
520 _aPresents a biography, including excerpts from his speeches, letters, and other writings, of the man who was President during the Civil War.
521 _a780
_bLexile
521 _aM
_bRaz-Plus
650 0 _aPresidents
_zUnited States
_vBiography
_vJuvenile literature.
650 1 _aPresidents.
906 _a7
_bcbc
_corignew
_d1
_eocip
_f19
_gy-gencatlg
942 _2ddc
_cBK
_n0
999 _c537
_d537